Bangkokia lähimpänä sijaitsevat pääkaupungit - Statistics

Yleistilastot
  • Tätä visaa on pelattu 289 kertaa
  • Keskiarvotulos 15 / 21
Vastaukset kartalla
Vastauksille on annettu kartalla punavihreä väri sen mukaan, kuinka moni on saanut sen oikein.
 
Vastaustilastot
km Pääkaupunki % Oikein
2912 New Delhi
94%
3296 Peking
94%
2325 Jakarta
87%
1431 Singapore
87%
990 Hanoi
84%
2214 Manila
82%
3722 Soul
82%
1187 Kuala Lumpur
81%
2543 Taipei
78%
3743 Pjongjang
75%
2204 Kathmandu
72%
3542 Islamabad
70%
1532 Dhaka
69%
3140 Malé
69%
521 Vientiane
69%
541 Phnom Penh
64%
3717 Dili
57%
2373 Kotte
56%
1893 Thimphu
55%
1866 Bandar Seri Begawan
50%
813 Naypyidaw
48%
Ehtoja vastaavia visoja ei löytynyt
Tulosjakauma
Jokaisen tuloksen saaneiden osuus
Persentiili vastausten määrän mukaan
Tuloshistoriasi
Et ole pelannut tätä visaa